| 000 | 00512nam a2200181 i 4500 | ||
|---|---|---|---|
| 001 | 39484 | ||
| 003 | ES-MaACL | ||
| 005 | 20250728085521.0 | ||
| 007 | t| | ||
| 008 | 030303s1969 sp ||||1| gao d | ||
| 245 | 0 | 0 |
_aCancioneiriño novo de Compostela / _cXosé Filgueira Valverde. |
| 250 | _a[1ª ed.]. | ||
| 260 |
_aVigo : _bCastrelos, _c1969. |
||
| 300 |
_a131 p. ; _c18 cm. |
||
| 700 | 1 |
_aFilgueira Valverde, José, _d1906-1996 _950833 |
|
| 852 |
_aES-MaACL _jC-35873 _bR.68869 |
||
| 999 |
_c39484 _d39484 |
||